000 00913nam a2200253Ia 4500
003 OSt
005 20220923215919.0
006 a|||||r|||| 00| 0
007 ta
008 220922b |||||||| |||| 00| 0 hin d
024 _a182,793
037 _cTextual
040 _aARTS
_cARTS
_bhin
041 _2hin
_ahin
082 _aO152,1N5:g(R5), L6
100 _aत्यागी, सुरेश चन्द्र
245 0 _aछायावादी काव्य में सौन्दर्य दर्शन
246 _aChhāyāvādī kāvya mean saundarya darshana
260 _aमेरठ
_b अनुराधा प्रकाशन
_c1976
300 _a278 पृ.
_ccm.
650 _aहिन्दी साहित्य
_9156264
942 _hO152,1N5:g(R5), L6
_cTEXL
_2CC
999 _c336157
_d336157